literature 1800-1865 - Statistiques

Statistiques générales
  • Ce quiz a été pris 4 fois
  • Le résultat moyen est 3 sur 11
Statistiques - réponses
auteurs oeuvres date % Correct
Herman Melville Typee / Moby-Dick 1846 / 1851
100%
Nathaniel Hawthorne The Scarlet Letter / The House of the Seven Gables 1850 / 1851
75%
Walt Whitman Leaves of Grass 1855
25%
Ralph Waldo Emerson Nature / The American Scholar / Divinity School / The Poet / Self Reliance
25%
James Fenimore Cooper The Pioneers / The Last of the Mohicans / The Prairie / The Pathfinder / The Deerslayer 1823 / 1826 / 1827 / 1840 / 1841
25%
Harriet Beecher Stowe Uncle Tom's Cabin
25%
Henry David Thoreau Walden / Civil Disobedience 1854 / 1849
25%
Frederick Douglas Narrative of the Life of Frederick Douglas, an American Slave
0%
Washington Irving Sketch Book / Rip Van Winkle / the Legend of Sleepy Hollow 1819
0%
Edgar Allan Poe The Philosophy of Composition / The Poetic Principle
0%
Margaret Fuller Woman in the 19th Century
0%
Aucun quiz correspondant
Distribution des résultats
% des personnes avec chaque résultat
Percentile par nombre de réponses
Votre historique - résultats
Vous n’avez pas pris ce quiz